000 01284nam a22003497a 4500
003 CHAP
005 20220329142816.0
008 040224d2002 mx r 00110 spa d
010 _a88086
011 _a89058
035 _a99607
040 _cCHAP
090 _aFolleto 16726 (2002)
100 0 0 _aCastillo Derflingher, Yolanda.
_920112
245 1 0 _aManual de organización de la unidad de planeación, organización y métodos
_c/por Yolanda Castillo Derflingher, Gloria Leticia Clemente Ríos y Jorge Bernal Santos
250 _a3 ed.
260 _aChapingo, Méx. :
_bUACH. Unidad de Planeación, Organización y Métodos
_c2003
300 _a66 h. :
_borganigramas ; anexo
590 _aBATCH-UPD
_b10
_c20130110
_lUCH01
_h0642
590 _aBATCH-UPD
_b10
_c20130410
_lUCH01
_h0326
590 _aBATCH-UPD
_b10
_c20130914
_lUCH01
_h0609
590 _aCONVERSION
_b10
_c20130109
_lUCH01
_h1349
650 1 4 _aManuales de organización.
_970673
650 1 4 _aOrganización.
_983533
650 1 4 _aUniversidades
_xAdministración.
_9116596
700 0 _aBernal Santos, Jorge.
_911907
700 0 _aClemente Ríos, Gloria Leticia.
_923772
901 _aBK
905 _aMarco A. Mendoza T.
942 _cFOLL
949 _aFolleto 16726
_bBC
_cUACH
_d99607
_eUACH
_gDonaciØn
_i99607
_sb
999 _c88086
_d88086